000
00319nam a2200121Ia 4500
008
190216s9999||||xx |||||||||||||| ||und||
100
_a
Agarwal G D & Bansil P C
245
0
_a
Economic Theory As Applied To Agriculture
260
_b
Vikas Publishing House
_c
1971
300
_a
253p
650
_a
Commerce
942
_c
BK
999
_c
4539
_d
4539